States by Area Codes Quiz Stats

 Plays Quiz Updated Jun 3, 2018

Challenge
Share
Tweet
Score 0/51 Timer 06:00
4 Plays Today
% Correct
𝘊𝘈
92.8%
𝘕𝘠
91.6%
𝘛𝘟
89.7%
𝘍𝘓
87.4%
𝘐𝘓
87.3%
𝘗𝘈
85.5%
𝘔𝘐
85.1%
𝘖𝘏
83.5%
𝘎𝘈
83.4%
𝘕𝘑
80.8%
𝘔𝘕
80.8%
𝘔𝘈
80.7%
𝘕𝘊
80.2%
𝘞𝘐
79.7%
𝘐𝘕
77.6%
𝘝𝘈
77.5%
𝘛𝘕
76.4%
𝘞𝘈
76.3%
𝘔𝘋
76%
𝘓𝘈
75.5%
𝘊𝘖
75.4%
𝘒𝘠
74%
𝘔𝘖
73.6%
𝘐𝘈
73.5%
𝘈𝘡
71.8%
𝘖𝘒
70.5%
% Correct
𝘈𝘓
70.1%
𝘒𝘚
68.8%
𝘈𝘙
68.4%
𝘕𝘌
68.3%
𝘊𝘛
67.8%
𝘔𝘚
66.7%
𝘋𝘊
66.3%
𝘖𝘙
66%
𝘜𝘛
64.9%
𝘕𝘔
61.9%
𝘕𝘝
61.5%
𝘞𝘝
59.9%
𝘙𝘐
58.6%
𝘐𝘋
57.8%
𝘚𝘊
57.8%
𝘋𝘌
57.8%
𝘏𝘐
57.1%
𝘔𝘌
55.9%
𝘞𝘠
55.7%
𝘔𝘛
55.5%
𝘕𝘏
55.3%
𝘚𝘋
53.8%
𝘕𝘋
53.5%
𝘝𝘛
52.8%
𝘈𝘒
48.3%

You're not logged in!

Compare scores with friends on all Sporcle quizzes.
Join for Free
OR
Log In

You Might Also Like...

Show Comments

Extras

Top Quizzes Today


Score Distribution

Your Account Isn't Verified!

In order to create a playlist on Sporcle, you need to verify the email address you used during registration. Go to your Sporcle Settings to finish the process.

Report this User

Report this user for behavior that violates our Community Guidelines.

Details: